000 00246nam a22001097a 4500
008 170126b xxu||||| |||| 00| 0 eng d
020 _a9781111540593
041 _aeng
080 _23RD
_a61
245 _a3-2-1 CODE IT
_cGREEN, M.A
942 _2udc
_cBK
999 _c3713
_d3713